Україна.Закони (Запис № 311766)

МАРК-запис
000 -Лідер
fixed length control field 00754nam a22002417a 4500
003 - Ідентифікатор контрольного номера
control field UA-OsUOA
001 - Контрольний номер
control field 25468
007 - Фіксоване поле фізичного опису
fixed length control field ta
008 - Елементи даних фіксованої довжини – загальна інформація
fixed length control field 20040415b un ||||| |||| 00| 0 ukr d
090 ## - Локальний шифр розміщення
Класифікаційний індекс УДК 34(094):347.9(477)
Авторський знак (НП) У45
040 ## - Джерело каталогізації
Агенція оригінальної каталогізації UA-OsUOA
Мова каталогізації ukr
Агенція, яка здійснювала перезапис UA-OsUOA
Агенція, яка здійснювала модифікацію UA-OsUOA
041 ## - Код мови
Код мови тексту/ звукової доріжки чи окремого заголовка (П) ukr
080 ## - Індекс Універсальної десяткової класифікації
Індекс Універсальної десяткової класифікації (УДК) (НП) 34(094):347.9(477)
020 ## - Міжнародний стандартний книжковий номер (ISBN)
Міжнародний стандартний книжковий номер (ISBN) (НП) 966-7231-11-9
044 ## - Код країни видавця/ виробника
Код країни видавця/ виробника (П) UA
245 ## - Відомості про назву
Назва (НП) Україна.Закони
Решта назви (НП) Цивільний процесуальний кодекс України: офіц.текст із змінами та доп. станом на 1 вересня 1997 р.
Дані про відповідальність (НП) Упор. А.Ришелюк
260 ## - Публікація, розповсюдження і т.п. (Вихідні дані)
Місце публікації, розповсюдження і т.п. (П) Ужгород
Ім’я/ наймення видавництва, розповсюджувача і т.п. (П) ІВА
Дата публікації, розповсюдження і т.п. (П) 1997
300 ## - Фізичний опис
Обсяг 248 с.
650 #7 - Додаткове предметне введення – тематичний термін
Джерело заголовка чи терміна UDC
942 ## - Додаткові елементи входу (Коха)
Тип елемента Koha Книги
955 ## - Код типу видання за змістом
Код типу видання за змістом (НП) інше
Фонди
Стан вилучень Стан втрат Джерело класифікації або схеми стелажів Стан уражень Не для кредиту Постійне місце розташування Поточне розміщення Дата придбання Вартість, звичайна ціна покупки Інвентарний номер Усього замовленно Повний номер виклику Штрих-код Дата останнього перегляду Ціна ефективна від Тип елемента Koha
    Universal Decimal Classification     ЧЗ - Читальна зала ЧЗ - Читальна зала 15/04/2004 34.73 67581   34(094):347.9(477) У45 67581 09/02/2022 15/04/2004 Книги
    Universal Decimal Classification     ЧЗ - Читальна зала ЧЗ - Читальна зала 15/04/2004 19.33 67582   34(094):347.9(477) У45 67582 09/02/2022 15/04/2004 Книги
    Universal Decimal Classification     ЧЗ - Читальна зала ЧЗ - Читальна зала 15/04/2004 17.40 67583   34(094):347.9(477) У45 67583 09/02/2022 15/04/2004 Книги
    Universal Decimal Classification     ЧЗ - Читальна зала ЧЗ - Читальна зала 15/04/2004 6.00 67584   34(094):347.9(477) У45 67584 09/02/2022 15/04/2004 Книги
    Universal Decimal Classification     ЧЗ - Читальна зала ЧЗ - Читальна зала 15/04/2004 19.33 67585   34(094):347.9(477) У45 67585 09/02/2022 15/04/2004 Книги
    Universal Decimal Classification     ЧЗ - Читальна зала ЧЗ - Читальна зала 15/04/2004 19.33 67586   34(094):347.9(477) У45 67586 09/02/2022 15/04/2004 Книги
    Universal Decimal Classification     ЧЗ - Читальна зала ЧЗ - Читальна зала 15/04/2004 6.00 67587   34(094):347.9(477) У45 67587 09/02/2022 15/04/2004 Книги
    Universal Decimal Classification     ЧЗ - Читальна зала ЧЗ - Читальна зала 15/04/2004 17.40 67588   34(094):347.9(477) У45 67588 09/02/2022 15/04/2004 Книги
    Universal Decimal Classification     ЧЗ - Читальна зала ЧЗ - Читальна зала 15/04/2004 19.33 67589   34(094):347.9(477) У45 67589 09/02/2022 15/04/2004 Книги